Pokémon with the Highest Speed Stats - Statistics

General Stats
  • This quiz has been taken 67 times
  • The average score is 9 of 15
Answer Stats
Speed Pokémon % Correct
150 Deoxys (Normal & Attack Forme)
89%
180 Deoxys (Speed Forme)
89%
200 Regieleki
87%
150 Electrode
84%
160 Ninjask
80%
151 Pheromosa
73%
145 Accelgor
51%
142 Dragapult
49%
148 Zacian (Crowned Sword)
47%
138 Zacian (Hero of Many Battles)
47%
143 Zeraora
47%
150 Calyrex (Shadow Rider)
44%
138 Zamazenta (Hero of Many Battles)
44%
136 Barraskewda
29%
135 Darmanitan (Galarian Zen Mode)
9%
No matching quizzes found
Score Distribution
Percent of People with Each Score
Percentile by Number Answered
Your Score History
You have not taken this quiz